02254cam a2200337 a 45000010009000000050017000090080041000260200025000670200022000920400075001140820020001891000036002092450044002452500012002892600046003013000053003475000029004005000024004295040031004535050374004845200687008586500033015456500042015786500048016206510010016686530022016786550024017009420020017249990017017449520155017611816829520181115101054.0140529s2013 enkadk frb f001 0 eng d a9780199681938 (pbk.) a0199681937 (pbk.) aUKMGBbengcUKMGBdOCLCOdYDXCPdYBMdORXdOCLCFdCHVBKdDLCdEG-ScBUE04a302.23222bCAS1 aCastells, Manuel,d1942-93777210aCommunication power /cManuel Castells. a2nd ed. aOxford :bOxford University Press,c2013. axlvii, 574 p. :bcharts, forms, tables ;c24 cm. aPrevious edition : 2009. aIndex : p. 545-574. aBibliography : p. 489-543.0 a1. Power in the Network Society -- 2. Communication in the Digital Age -- 3. Networks of Mind and Power -- 4. Programming Communication Networks: Media Politics, Scandal Politics, and the Crisis of Democracy -- 5. Reprogramming Communication Networks: Social Movements, Insurgent Politics, and the New Public Space -- Conclusion: Toward a Communication Theory of Power. aDrawing on a wide range of social and psychological theories, Castells presents original research on political processes and social movements. He applies this analysis to numerous recent events - the misinformation of the American public on the Iraq War, the global environmental movement to preventclimate change, the control of information in China and Russia, Barak Obama's internet-based presidential campaigns, and (in this new edition) responses to recent political and economic crises such as the Arab Spring and the Occupy movement. On the basis of these case studies he proposes a newtheory of power in the information age based on the management of communication networks. 7aCommunication.2BUEsh913476 7aPower (Social sciences)2BUEsh911065 7aCommunication and technology.2BUEsh937773 2BUEsh bCOMAMEcApril2015 vreading book934232 2ddck302.23 CAS c19238d19210 00102ddc40708AlahramaMAINbMAINc1STd2015-04-28epurchaseg179.00h331l5m6o302.23 CASp000038089r2025-07-15 00:00:00s2021-11-10v223.75yBB